书目信息 |
| 题名: |
当代中国的煤炭工业
|
|
| 作者: | 吴迪儆 著 | |
| 分册: | ||
| 出版信息: | 北京 中国社会科学出版社 1988.7 |
|
| 页数: | 760页 | |
| 开本: | 20cm | |
| 丛书名: | 当代中国丛书 | |
| 单 册: | ||
| 中图分类: | F426.21 , F426.1 | |
| 科图分类: | ||
| 主题词: | ||
| 电子资源: | ||
| ISBN: | 7-5004-0476-X | |
| 000 | 00775nam2 2200253 45 | |
| 001 | 0189026043 | |
| 005 | 20061030092451.59 | |
| 010 | @a7-5004-0476-X@b精装@dCNY15.65 | |
| 020 | @aCN@b89026043 | |
| 100 | @a19911017d1987 m y0chiy0120 ea | |
| 101 | 0 | @achi |
| 102 | @aCN@b110000 | |
| 105 | @ay z 000yy | |
| 200 | 10 | @a当代中国的煤炭工业@Adang dai zhong guo de mei tan gong ye@f吴迪儆等著@Fwu di jing deng zhu |
| 210 | @a北京@c中国社会科学出版社@d1988.7 | |
| 215 | @a760页@d20cm | |
| 225 | 2 | @a当代中国丛书 |
| 410 | 0 | @120010@a当代中国丛书 |
| 540 | 1 | @a当代 中国 煤炭 工业@Adang dai zhong guo mei tan gong ye |
| 690 | @aF426.21@v1980 | |
| 690 | @aF426.1@v3 | |
| 701 | 0 | @a吴迪儆@Awu di jing@4著 |
| 801 | 0 | @aCN@bTSSF@c20061030 |
| 905 | @a10447@dF426.1@e42 | |
| 当代中国的煤炭工业/吴迪儆等著.-北京:中国社会科学出版社,1988.7 |
| 760页;20cm.-(当代中国丛书) |
| ISBN 7-5004-0476-X(精装):CNY15.65 |
| ● |
| 相关链接 |
|
|
|
|
正题名:当代中国的煤炭工业
索取号:F426.1/42
 
预约/预借
| 序号 | 登录号 | 条形码 | 馆藏地/架位号 | 状态 | 备注 |
| 1 | 0226672 | 002058828 | 第一样本阅览室/ [索取号:F426.1/42] | 在馆 |